Imiona żeńskie na literę N - Statystyki

Ogólne statystyki
  • Ten quiz został rozwiązany 1 189 razy
  • Średni wynik to 4 z 7
Statystyki odpowiedzi
Hint Odpowiedź % Poprawnych
2 Natalia
97%
3 Nikola
73%
1 Nadia
71%
6 Nina
63%
4 Nela
51%
5 Natasza
46%
7 Nadzieja
22%
Nie znaleziono quizów pasujących do podanych kryteriów
Rozkład punktacji
Procent ludzi z każdym wynikiem
Percentyl według liczby udzielonych odpowiedzi
Twoja historia wyników
Nie rozwiązałeś tego quizu